[Event "3rd Washington Int 2014"]
[Site "Rockville USA"]
[Date "2014.08.13"]
[Round "8.4"]
[White "Barbosa, O PHI."]
[Black "Smith, Bry"]
[Result "1/2-1/2"]
[WhiteElo "2551"]
[BlackElo "2478"]
[PlyCount "83"]
[EventDate "2014.08.09"]
[EventType "swiss"]
[EventRounds "9"]
[EventCountry "USA"]
[Source "Mark Crowther"]
[SourceDate "2014.08.18"]

1. d4 Nf6 2. c4 g6 3. Nc3 Bg7 4. e4 d6 5. Be2 O-O 6. Bg5 Na6 7. Nf3 h6 8. Be3
e5 9. O-O Ng4 10. Bc1 Qe8 11. Re1 exd4 12. Nxd4 Qe5 13. Nf3 Qc5 14. Rf1 c6 15.
Nd2 h5 16. h3 Nf6 17. Re1 Re8 18. Bf1 Qd4 19. Qc2 d5 20. Nf3 Qc5 21. Be3 Qa5
22. cxd5 cxd5 23. Bb5 Rf8 24. e5 Nb4 25. Qb3 Ne4 26. Nxd5 Qxb5 27. Nxb4 Be6 28.
Qa3 Rfc8 29. Bd4 Nxf2 30. Bxf2 Bf8 31. Re4 Rc4 32. Rxc4 Qxc4 33. Be1 a5 34. Rd1
Bxb4 35. Bxb4 Qxb4 36. Qxb4 axb4 37. Rd4 Rxa2 38. Rxb4 Bd5 39. Kf2 Ra5 40. Nd4
Bc6 41. Nxc6 bxc6 42. Rc4 1/2-1/2

[Event "3rd Washington Int 2014"]
[Site "Rockville USA"]
[Date "2014.08.13"]
[Round "8.5"]
[White "Troff, Kayden W"]
[Black "Yang, Dar"]
[Result "1/2-1/2"]
[WhiteElo "2514"]
[BlackElo "2478"]
[PlyCount "36"]
[EventDate "2014.08.09"]
[EventType "swiss"]
[EventRounds "9"]
[EventCountry "USA"]
[Source "Mark Crowther"]
[SourceDate "2014.08.18"]

1. d4 Nf6 2. c4 e6 3. g3 d5 4. Nf3 Bb4+ 5. Bd2 Be7 6. Bg2 O-O 7. O-O c6 8. Qb3
Nbd7 9. Bf4 Nh5 10. Be3 Nhf6 11. Rc1 h6 12. h3 a5 13. Nbd2 b5 14. cxb5 a4 15.
Qd1 cxb5 16. Bf4 Qb6 17. Bc7 Qa6 18. Ne5 Bb7 1/2-1/2

[Event "3rd Washington Int 2014"]
[Site "Rockville USA"]
[Date "2014.08.13"]
[Round "8.6"]
[White "Paragua, M."]
[Black "Mulyar, M."]
[Result "1/2-1/2"]
[WhiteElo "2487"]
[BlackElo "2411"]
[PlyCount "161"]
[EventDate "2014.08.09"]
[EventType "swiss"]
[EventRounds "9"]
[EventCountry "USA"]
[Source "Mark Crowther"]
[SourceDate "2014.08.18"]

1. d4 d5 2. Bg5 h6 3. Bh4 c6 4. e3 Qb6 5. Qc1 e5 6. Nf3 exd4 7. exd4 Be7 8.
Bxe7 Nxe7 9. Bd3 Bf5 10. Bxf5 Nxf5 11. O-O O-O 12. Qf4 Ne7 13. Nbd2 Nd7 14. Qd6
Qd8 15. Rfe1 Ng6 16. Qg3 Nf6 17. Ne5 Ne7 18. Qh3 Re8 19. a4 Qc8 20. Qc3 Nf5 21.
a5 a6 22. Qd3 Nd6 23. Nb3 Qc7 24. f3 Re7 25. Nc5 Nb5 26. c3 Rae8 27. Qd2 Nh7
28. Ned3 Nf8 29. Rxe7 Rxe7 30. Re1 Ng6 31. Rxe7 Nxe7 32. Qe1 Nd6 33. Qe5 Nec8
34. Nf4 g6 35. h4 Qe7 36. g3 Kh7 37. b3 Qd8 38. Kg2 Qe7 39. Qxe7 Nxe7 40. g4 g5
41. hxg5 hxg5 42. Nfd3 Kg7 43. Kg3 Nec8 44. f4 gxf4+ 45. Kxf4 Kf6 46. g5+ Ke7
47. Ke5 Na7 48. Nb4 Nab5 49. Ncxa6 bxa6 50. Nxc6+ Kd7 51. Nb8+ Ke7 52. Nxa6
Nxc3 53. Nc7 Kd7 54. Nxd5 Ncb5 55. Nb6+ Kc6 56. b4 Ne8 57. d5+ Kc7 58. Nc4 Kb7
59. a6+ Kc7 60. Ne3 Kd7 61. Nf5 Nec7 62. Kf6 Nxd5+ 63. Kxf7 Nf4 64. Nd4 Nd6+
65. Kf6 Nd5+ 66. Ke5 Nc7 67. g6 Nde8 68. b5 Kc8 69. Nf5 Nxb5 70. Ke6 Kb8 71.
Kd7 Nbc7 72. Nd6 Nf6+ 73. Ke7 Nh5 74. Ne4 Nxa6 75. Kf7 Kb7 76. Nf6 Ng3 77. Ke6
Nc5+ 78. Kd5 Nd3 79. g7 Nf5 80. Ke4 Nxg7 81. Kxd3 1/2-1/2

[Event "3rd Washington Int 2014"]
[Site "Rockville USA"]
[Date "2014.08.13"]
[Round "8.7"]
[White "Corrales Jimenez, F."]
[Black "Bregadze, L."]
[Result "1/2-1/2"]
[WhiteElo "2566"]
[BlackElo "2435"]
[PlyCount "71"]
[EventDate "2014.08.09"]
[EventType "swiss"]
[EventRounds "9"]
[EventCountry "USA"]
[Source "Mark Crowther"]
[SourceDate "2014.08.18"]

1. e4 c5 2. Nf3 d6 3. d4 cxd4 4. Nxd4 Nf6 5. Nc3 Nc6 6. Bg5 e6 7. Qd2 Be7 8.
O-O-O O-O 9. f3 a6 10. h4 Qc7 11. Kb1 Nxd4 12. Qxd4 b5 13. Bxf6 Bxf6 14. Qxd6
Ra7 15. Qxc7 Rxc7 16. Ne2 Bd7 17. Nc1 Rfc8 18. Bd3 a5 19. f4 b4 20. g4 Be7 21.
g5 a4 22. Rhf1 g6 23. f5 exf5 24. exf5 Bxf5 25. Bxf5 gxf5 26. Rde1 Bd6 27. Ne2
Rxc2 28. Nd4 Rd2 29. Nxf5 Bf8 30. Ne7+ Bxe7 31. Rxe7 Rcc2 32. Rfxf7 Rxb2+ 33.
Kc1 Rdc2+ 34. Kd1 Rf2 35. Rxf2 Rxf2 36. Rb7 1/2-1/2

[Event "3rd Washington Int 2014"]
[Site "Rockville USA"]
[Date "2014.08.13"]
[Round "8"]
[White "Xiong, Jeffery"]
[Black "Enkhbat, T1."]
[Result "1-0"]
[WhiteElo "2442"]
[BlackElo "2399"]
[PlyCount "99"]
[EventDate "2014.08.09"]
[EventType "swiss"]
[EventRounds "9"]
[EventCountry "USA"]
[Source "Mark Crowther"]
[SourceDate "2014.08.18"]

1. e4 c6 2. d4 d5 3. e5 Bf5 4. h4 h5 5. c4 e6 6. Nc3 Ne7 7. Nge2 Nd7 8. Ng3 Bg6
9. Bg5 f6 10. exf6 gxf6 11. Be3 Qb6 12. Qd2 O-O-O 13. Rc1 Kb8 14. Be2 Qa5 15.
O-O e5 16. Rfd1 Bg7 17. cxd5 Nxd5 18. Nxd5 Qxd2 19. Rxd2 cxd5 20. dxe5 Nxe5 21.
Bf4 Bf8 22. Rcd1 Bf7 23. Ne4 Be7 24. Nc3 Bb4 25. Bf3 Bxc3 26. bxc3 Kc7 27. Bxd5
Rxd5 28. Rxd5 Bxd5 29. Rxd5 Re8 30. c4 Kc6 31. Bxe5 fxe5 32. Kf1 a6 33. a4 b6
34. Ke2 a5 35. g3 Re6 36. Ke3 Re8 37. Ke4 Rf8 38. Ke3 Re8 39. f3 Rg8 40. Kf2
Re8 41. g4 Rf8 42. Kg3 hxg4 43. fxg4 e4 44. g5 Rf3+ 45. Kg4 Rc3 46. Rd4 e3 47.
Re4 Kd6 48. g6 e2 49. Rxe2 Rxc4+ 50. Kg5 1-0

[Event "3rd Washington Int 2014"]
[Site "Rockville USA"]
[Date "2014.08.13"]
[Round "8"]
[White "Kaufman, La"]
[Black "Ostrovskiy, Al"]
[Result "1/2-1/2"]
[WhiteElo "2320"]
[BlackElo "2410"]
[PlyCount "93"]
[EventDate "2014.08.09"]
[EventType "swiss"]
[EventRounds "9"]
[EventCountry "USA"]
[Source "Mark Crowther"]
[SourceDate "2014.08.18"]

1. d4 d5 2. c4 c6 3. Nf3 Nf6 4. Nc3 dxc4 5. a4 Bf5 6. Ne5 Nbd7 7. Nxc4 Qc7 8.
g3 e5 9. dxe5 Nxe5 10. Bf4 Nfd7 11. Bg2 f6 12. O-O g5 13. Bxe5 Nxe5 14. Ne3 Be6
15. Qc2 O-O-O 16. Rfc1 Kb8 17. b4 Bxb4 18. Ncd5 Qa5 19. Nxb4 Qxb4 20. Rab1 Qd2
21. Qc5 Qd6 22. f4 gxf4 23. gxf4 Qxc5 24. Rxc5 Ng4 25. Bxc6 b6 26. Nxg4 Bxg4
27. a5 Rd1+ 28. Rxd1 bxc5 29. Kf2 Kc7 30. Bf3 Bxf3 31. Kxf3 Kc6 32. e4 Kb5 33.
Rd7 a6 34. Rc7 h5 35. e5 fxe5 36. fxe5 Kxa5 37. Rxc5+ Kb4 38. Rc7 a5 39. Ke4 a4
40. Rb7+ Kc3 41. Ra7 Kb3 42. e6 a3 43. h4 a2 44. Ke5 Kb2 45. Rb7+ Kc1 46. Ra7
Kb1 47. Rb7+ 1/2-1/2

[Event "3rd Washington Int 2014"]
[Site "Rockville USA"]
[Date "2014.08.13"]
[Round "8"]
[White "Hua, D."]
[Black "Homa, S."]
[Result "0-1"]
[WhiteElo "2304"]
[BlackElo "2378"]
[PlyCount "78"]
[EventDate "2014.08.09"]
[EventType "swiss"]
[EventRounds "9"]
[EventCountry "USA"]
[Source "Mark Crowther"]
[SourceDate "2014.08.18"]

1. e4 c5 2. Nf3 e6 3. d4 cxd4 4. Nxd4 a6 5. Nc3 Qc7 6. g3 Bb4 7. Bd2 Nf6 8. Bg2
Nc6 9. Nb3 d6 10. O-O O-O 11. a3 Bxc3 12. Bxc3 e5 13. Qd3 b5 14. a4 Rb8 15.
axb5 axb5 16. Rfd1 b4 17. Be1 Rd8 18. c4 bxc3 19. Qxc3 Qb6 20. Rac1 Bg4 21. Rd3
Be2 22. Rd2 Bb5 23. Ra1 h6 24. Qe3 Qxe3 25. fxe3 Ng4 26. Bf2 Nb4 27. Bf3 Nf6
28. Nc1 Bc6 29. Ne2 Bxe4 30. Kg2 Bxf3+ 31. Kxf3 Nd3 32. Nc3 d5 33. e4 Nxf2 34.
Rxf2 d4 35. Nd1 Rb3+ 36. Kg2 Rc8 37. Re2 d3 38. Re3 Rc2+ 39. Kg1 Re2 0-1

[Event "3rd Washington Int 2014"]
[Site "Rockville USA"]
[Date "2014.08.13"]
[Round "8"]
[White "Brattain, Mika A"]
[Black "Li, Ruifeng"]
[Result "0-1"]
[WhiteElo "2352"]
[BlackElo "2284"]
[PlyCount "84"]
[EventDate "2014.08.09"]
[EventType "swiss"]
[EventRounds "9"]
[EventCountry "USA"]
[Source "Mark Crowther"]
[SourceDate "2014.08.18"]

1. c4 e5 2. Nc3 Nf6 3. Nf3 Nc6 4. g3 Bc5 5. Bg2 a6 6. O-O d6 7. d3 h6 8. a3 O-O
9. b4 Ba7 10. Bb2 Bg4 11. h3 Be6 12. Rc1 Qd7 13. Kh2 Rab8 14. Ng1 Ne7 15. e4
Nh7 16. Nge2 f5 17. Qd2 Rf7 18. exf5 Nxf5 19. Ne4 Rbf8 20. d4 d5 21. Nc5 Bxc5
22. dxc5 d4 23. Qd3 Ng5 24. h4 e4 25. Bxe4 Nxe4 26. Qxe4 Ne3 27. Nf4 Nxf1+ 28.
Rxf1 Bxc4 29. Rd1 Re8 30. Qc2 Bb5 31. Rxd4 Qf5 32. Qc3 Bc6 33. Rd1 Qg4 34. Rd4
Qf3 35. Qxf3 Bxf3 36. Bc3 Bc6 37. h5 Rd7 38. g4 Rxd4 39. Bxd4 Re1 40. Ng6 Re4
41. Be5 Rxg4 42. Bxc7 Rg2+ 0-1

[Event "3rd Washington Int 2014"]
[Site "Rockville USA"]
[Date "2014.08.14"]
[Round "9.2"]
[White "Sevian, Samuel"]
[Black "Chandra, Akshat"]
[Result "1/2-1/2"]
[WhiteElo "2454"]
[BlackElo "2472"]
[PlyCount "102"]
[EventDate "2014.08.09"]
[EventType "swiss"]
[EventRounds "9"]
[EventCountry "USA"]
[Source "Mark Crowther"]
[SourceDate "2014.08.18"]

1. e4 c5 2. Nf3 e6 3. c4 Nc6 4. Nc3 Nge7 5. d4 Nxd4 6. Nxd4 cxd4 7. Qxd4 Nc6 8.
Qd3 Bc5 9. Be2 O-O 10. O-O d6 11. a3 e5 12. b4 Bd4 13. Rb1 Be6 14. Nb5 f5 15.
Be3 fxe4 16. Qd2 Bxe3 17. fxe3 Qg5 18. Nxd6 Qg6 19. c5 Ne7 20. Rxf8+ Rxf8 21.
Rf1 Rd8 22. Bb5 h5 23. Rf2 a6 24. Bf1 Rd7 25. a4 h4 26. b5 axb5 27. axb5 Bd5
28. Qa5 Kh7 29. Qc3 b6 30. Qxe5 bxc5 31. Nf5 Qg5 32. Qf4 Qxf4 33. Rxf4 Nxf5 34.
Rxf5 c4 35. Rf2 c3 36. Rc2 Rc7 37. b6 Rc6 38. b7 Rb6 39. Rxc3 Rxb7 40. Rc5 Bf7
41. g3 Rb3 42. Kf2 Rb2+ 43. Kg1 hxg3 44. hxg3 Kh6 45. Re5 Bg6 46. Bg2 Re2 47.
Kf1 Rxe3 48. Kf2 Ra3 49. Bxe4 Bxe4 50. Rxe4 Kh5 51. Kg2 Kg5 1/2-1/2

[Event "3rd Washington Int 2014"]
[Site "Rockville USA"]
[Date "2014.08.14"]
[Round "9.3"]
[White "Nyzhnyk, I."]
[Black "Zherebukh, Y."]
[Result "0-1"]
[WhiteElo "2639"]
[BlackElo "2625"]
[PlyCount "120"]
[EventDate "2014.08.09"]
[EventType "swiss"]
[EventRounds "9"]
[EventCountry "USA"]
[Source "Mark Crowther"]
[SourceDate "2014.08.18"]

1. d4 Nf6 2. c4 c5 3. d5 b5 4. cxb5 a6 5. b6 d6 6. Nc3 Qxb6 7. e4 g6 8. f4 Bg7
9. Nf3 O-O 10. Bc4 Qb4 11. Qb3 a5 12. a3 Qxb3 13. Bxb3 Ba6 14. Nd2 Ng4 15. h3
Ne3 16. Kf2 Bd4 17. Kf3 f5 18. Re1 fxe4+ 19. Ndxe4 Rxf4+ 20. Kg3 Be5 21. Bxe3
Rxe4+ 22. Kf2 Rxe3 23. Kxe3 Nd7 24. Bc2 Bd4+ 25. Kd2 Ne5 26. Nd1 Rf8 27. Rb1
Bc4 28. Be4 Ba2 29. Ra1 Bb3 30. Rb1 Ba2 31. Ra1 Bb3 32. Rb1 Rf4 33. Nc3 Nc4+
34. Kd3 Ne5+ 35. Kd2 Bc4 36. Nd1 Ba2 37. Ra1 Bb3 38. Rb1 Nc4+ 39. Kd3 Bg7 40.
g3 Rf8 41. Ne3 Nxb2+ 42. Ke2 Ba4 43. Bd3 Bd4 44. Rf1 Rxf1 45. Nxf1 Bb3 46. Ne3
Ba2 47. Rc1 Bxe3 48. Kxe3 Nxd3 49. Kxd3 Bxd5 50. Rb1 a4 51. Rf1 Kg7 52. h4 h5
53. Kc3 Bb3 54. Rb1 Kf7 55. Rf1+ Ke8 56. g4 hxg4 57. Rf4 d5 58. Rxg4 Kf7 59.
Rf4+ Kg7 60. Rg4 Kf6 0-1

[Event "3rd Washington Int 2014"]
[Site "Rockville USA"]
[Date "2014.08.14"]
[Round "9.4"]
[White "Yang, Dar"]
[Black "Barbosa, O PHI."]
[Result "1/2-1/2"]
[WhiteElo "2478"]
[BlackElo "2551"]
[PlyCount "110"]
[EventDate "2014.08.09"]
[EventType "swiss"]
[EventRounds "9"]
[EventCountry "USA"]
[Source "Mark Crowther"]
[SourceDate "2014.08.18"]

1. d4 d5 2. c4 c6 3. e3 Bf5 4. Nc3 e6 5. g4 Bg6 6. Nge2 Nf6 7. Nf4 Bd6 8. Nxg6
hxg6 9. g5 Ng8 10. f4 Ne7 11. Qb3 Qc8 12. Bd2 Nd7 13. O-O-O Nf5 14. cxd5 exd5
15. Bd3 Nb6 16. a4 Qc7 17. Kb1 Nc8 18. h4 Nce7 19. Rh3 O-O-O 20. Rdh1 Kb8 21.
h5 Qc8 22. Qd1 Bb4 23. hxg6 fxg6 24. Rxh8 Rxh8 25. Qg1 Rh5 26. Bc1 Bxc3 27.
bxc3 c5 28. Bd2 Qc6 29. Rxh5 gxh5 30. g6 Qxa4 31. Bxf5 Nxf5 32. Qg5 Qd1+ 33.
Bc1 Qd3+ 34. Kb2 Kc7 35. Qxh5 Kc6 36. dxc5 Kxc5 37. Qh8 Qb5+ 38. Kc2 Qd7 39.
Qf8+ Kc6 40. Ba3 b6 41. e4 dxe4 42. Qa8+ Kb5 43. Qxe4 a5 44. Kb3 Qc8 45. c4+
Ka6 46. Qd5 Ne3 47. Qe4 Nf5 48. Qd5 Nh4 49. Bb2 Nxg6 50. Bd4 Qc7 51. Qa8+ Qa7
52. Qe8 Nxf4 53. Qb5+ Kb7 54. Qd7+ Ka6 55. Qb5+ Kb7 1/2-1/2

[Event "3rd Washington Int 2014"]
[Site "Rockville USA"]
[Date "2014.08.14"]
[Round "9.5"]
[White "Xiong, Jeffery"]
[Black "Troff, Kayden W"]
[Result "1/2-1/2"]
[WhiteElo "2442"]
[BlackElo "2514"]
[PlyCount "201"]
[EventDate "2014.08.09"]
[EventType "swiss"]
[EventRounds "9"]
[EventCountry "USA"]
[Source "Mark Crowther"]
[SourceDate "2014.08.18"]

1. e4 c5 2. c3 d5 3. exd5 Qxd5 4. d4 Nc6 5. Nf3 Bf5 6. Be3 Nf6 7. Na3 e6 8. Qa4
Be7 9. Nb5 Rc8 10. dxc5 Qe4 11. Qxe4 Nxe4 12. Nfd4 Nxc5 13. Nxf5 exf5 14. O-O-O
a6 15. Nd6+ Bxd6 16. Rxd6 Ne6 17. Bc4 Rd8 18. Rxd8+ Kxd8 19. Bb6+ Ke7 20. Rd1
Ne5 21. Bd5 Nd7 22. Be3 b6 23. a4 Ndc5 24. a5 bxa5 25. Bxe6 Nxe6 26. Rd5 f4 27.
Bd2 Rc8 28. Rxa5 Rc6 29. b3 g5 30. c4 h6 31. Kb2 Nc7 32. Bb4+ Ke8 33. Re5+ Re6
34. Bd6 Rxe5 35. Bxe5 Ne6 36. b4 Kd7 37. f3 Kc6 38. Bf6 Nc7 39. h4 gxh4 40.
Bxh4 Ne8 41. Kc3 Nd6 42. Kd3 Nf5 43. Bf2 h5 44. Ke4 Nd6+ 45. Kd4 Nf5+ 46. Kd3
Nd6 47. c5 Nf5 48. Ke4 Ne7 49. Be1 Nd5 50. Bd2 f6 51. Kd4 Ne7 52. Bxf4 Nf5+ 53.
Ke4 Nh4 54. g4 hxg4 55. fxg4 a5 56. bxa5 f5+ 57. gxf5 Nxf5 58. a6 Ne7 59. Bb8
Nc8 60. Kd4 Ne7 61. Kc4 Nc8 62. a7 Kb7 63. Kd5 Ne7+ 64. Kd6 Nf5+ 65. Ke6 Nd4+
66. Kd5 Nf5 67. Bd6 Kxa7 68. Ke4 Ng7 69. Ke5 Kb7 70. Kf6 Ne8+ 71. Ke7 Nc7 72.
Kd7 Na6 73. c6+ Kb6 74. Be5 Nc5+ 75. Kd6 Na6 76. Bd4+ Kb5 77. Be3 Ka4 78. Bf2
Kb5 79. Bd4 Ka4 80. Ba7 Ka5 81. Ke6 Kb4 82. Kd6 Ka5 83. Bf2 Kb5 84. Bg3 Kb6 85.
Be5 Kb5 86. Kd7 Nc5+ 87. Kc7 Na6+ 88. Kd6 Kb6 89. Bf6 Ka5 90. Bd8+ Kb5 91. Bh4
Ka5 92. Bg5 Ka4 93. Be3 Ka5 94. Ba7 Kb4 95. Be3 Ka5 96. Bf4 Kb6 97. Be5 Kb5 98.
Bd4 Ka5 99. Bc5 Kb5 100. c7 Nxc7 101. Kxc7 1/2-1/2

[Event "3rd Washington Int 2014"]
[Site "Rockville USA"]
[Date "2014.08.14"]
[Round "9.6"]
[White "Bregadze, L."]
[Black "Paragua, M."]
[Result "1-0"]
[WhiteElo "2435"]
[BlackElo "2487"]
[PlyCount "47"]
[EventDate "2014.08.09"]
[EventType "swiss"]
[EventRounds "9"]
[EventCountry "USA"]
[Source "Mark Crowther"]
[SourceDate "2014.08.18"]

1. d4 Nf6 2. c4 c5 3. d5 e6 4. Nc3 exd5 5. cxd5 d6 6. e4 g6 7. Bd3 Bg7 8. Nge2
O-O 9. f3 Na6 10. Ng3 h5 11. Bg5 Nc7 12. a4 Bd7 13. O-O b6 14. Kh1 a6 15. f4
Qb8 16. Bxf6 Bxf6 17. e5 Bg4 18. Qd2 dxe5 19. f5 h4 20. fxg6 fxg6 21. Qh6 Qe8
22. Bxg6 Qd7 23. Nge4 Qg7 24. Bh7+ 1-0

[Event "3rd Washington Int 2014"]
[Site "Rockville USA"]
[Date "2014.08.14"]
[Round "9.7"]
[White "Smith, Bry"]
[Black "Mulyar, M."]
[Result "1/2-1/2"]
[WhiteElo "2478"]
[BlackElo "2411"]
[PlyCount "40"]
[EventDate "2014.08.09"]
[EventType "swiss"]
[EventRounds "9"]
[EventCountry "USA"]
[Source "Mark Crowther"]
[SourceDate "2014.08.18"]

1. e4 e5 2. Nc3 Nf6 3. g3 Nc6 4. Bg2 Bc5 5. d3 a6 6. Nge2 d6 7. O-O Be6 8. Nd5
O-O 9. Bg5 Bxd5 10. exd5 Nd4 11. Nc3 h6 12. Bxf6 Qxf6 13. Ne4 Qg6 14. c3 Nf5
15. Nxc5 dxc5 16. Qe2 Rae8 17. Qe4 Qf6 18. Rae1 Nd6 19. Qg4 Qd8 20. f4 exf4
1/2-1/2

[Event "3rd Washington Int 2014"]
[Site "Rockville USA"]
[Date "2014.08.14"]
[Round "9"]
[White "Karma, P."]
[Black "Ostrovskiy, Al"]
[Result "1/2-1/2"]
[WhiteElo "2156"]
[BlackElo "2410"]
[PlyCount "56"]
[EventDate "2014.08.09"]
[EventType "swiss"]
[EventRounds "9"]
[EventCountry "USA"]
[Source "Mark Crowther"]
[SourceDate "2014.08.18"]

1. e4 e6 2. d4 d5 3. Nc3 Bb4 4. e5 c5 5. Bd2 Nh6 6. Nb5 Bxd2+ 7. Qxd2 O-O 8. f4
cxd4 9. Nf3 Nc6 10. Nbxd4 Nxd4 11. Qxd4 Bd7 12. O-O-O Qa5 13. Kb1 Rac8 14. Qd2
Qxd2 15. Rxd2 f6 16. Bd3 Nf7 17. Re1 fxe5 18. fxe5 h6 19. h4 Nd8 20. b3 Nc6 21.
Kb2 Rf4 22. c4 Nb4 23. cxd5 Nxd5 24. Bc4 Re8 25. Bxd5 exd5 26. Rxd5 Bc6 27. Rd4
Rf5 28. e6 Rf6 1/2-1/2

[Event "3rd Washington Int 2014"]
[Site "Rockville USA"]
[Date "2014.08.14"]
[Round "9"]
[White "Li, Ruifeng"]
[Black "Ippolito, D."]
[Result "1/2-1/2"]
[WhiteElo "2284"]
[BlackElo "2409"]
[PlyCount "42"]
[EventDate "2014.08.09"]
[EventType "swiss"]
[EventRounds "9"]
[EventCountry "USA"]
[Source "Mark Crowther"]
[SourceDate "2014.08.18"]

1. e4 c6 2. d4 d5 3. exd5 cxd5 4. c4 Nf6 5. Nc3 Nc6 6. Nf3 e6 7. c5 Ne4 8. Bb5
Be7 9. O-O O-O 10. Qc2 f5 11. Re1 Bf6 12. Bxc6 bxc6 13. Bf4 Bd7 14. Be5 Be8 15.
Bxf6 gxf6 16. Nd2 e5 17. f3 exd4 18. Na4 Rb8 19. b3 Qa5 20. fxe4 fxe4 21. Nxe4
dxe4 1/2-1/2

[Event "3rd Washington Int 2014"]
[Site "Rockville USA"]
[Date "2014.08.14"]
[Round "9"]
[White "Enkhbat, T1."]
[Black "Kiewra, K."]
[Result "0-1"]
[WhiteElo "2399"]
[BlackElo "2392"]
[PlyCount "110"]
[EventDate "2014.08.09"]
[EventType "swiss"]
[EventRounds "9"]
[EventCountry "USA"]
[Source "Mark Crowther"]
[SourceDate "2014.08.18"]

1. d4 Nf6 2. c4 g6 3. Nf3 Bg7 4. g3 d5 5. cxd5 Nxd5 6. Bg2 Nb6 7. Nc3 Nc6 8. e3
O-O 9. O-O Re8 10. Re1 a5 11. Qe2 Be6 12. Nd2 Nb4 13. Rd1 Qc8 14. a3 Na6 15.
Qb5 Bg4 16. f3 Bd7 17. Qxa5 e5 18. d5 Bf8 19. Nce4 Qd8 20. d6 cxd6 21. Nf6+
Qxf6 22. Qxb6 Nc5 23. Ne4 Nxe4 24. fxe4 Bc6 25. Rf1 Qe6 26. b3 Qc8 27. Bb2 Ra6
28. Qb4 d5 29. Qc3 dxe4 30. Rf6 Bg7 31. Rd6 Bf8 32. Rf6 Bd5 33. Qxc8 Rxc8 34.
Bxe5 Rxa3 35. Rxa3 Bxa3 36. g4 Bxb3 37. g5 Be7 38. Rb6 Bd5 39. Bf4 Rc6 40. Rb1
f5 41. Bf1 Rc2 42. Rd1 Bc6 43. Ra1 Kf7 44. Ra8 Ke6 45. Rh8 b5 46. h4 b4 47. Rb8
Bd5 48. Bb5 Bc4 49. Ba4 Ra2 50. Be8 b3 51. Rb6+ Kd5 52. Rxb3 Bxb3 53. Bf7+ Kc5
54. Bxb3 Ra1+ 55. Kg2 Bd6 0-1

[Event "3rd Washington Int 2014"]
[Site "Rockville USA"]
[Date "2014.08.14"]
[Round "9"]
[White "Barron, M."]
[Black "Prilleltensky, M."]
[Result "1-0"]
[WhiteElo "2177"]
[BlackElo "2157"]
[PlyCount "49"]
[EventDate "2014.08.09"]
[EventType "swiss"]
[EventRounds "9"]
[EventCountry "USA"]
[Source "Mark Crowther"]
[SourceDate "2014.08.18"]

1. e4 c5 2. Nf3 e6 3. d4 cxd4 4. Nxd4 a6 5. Bd3 Bc5 6. Nb3 Ba7 7. O-O Nc6 8.
Kh1 Nge7 9. f4 d6 10. Nc3 b5 11. a4 b4 12. Ne2 O-O 13. Rf3 Bb7 14. Rh3 e5 15.
Ng3 g6 16. Qg4 Nc8 17. f5 d5 18. Bg5 f6 19. fxg6 hxg6 20. Bh6 N8e7 21. Nf5 Rf7
22. Qh4 Rh7 23. Qxf6 Nxf5 24. Qxg6+ Ng7 25. exd5 1-0

[Event "3rd Washington Int 2014"]
[Site "Rockville USA"]
[Date "2014.08.09"]
[Round "1"]
[White "Kiewra, K."]
[Black "Nyzhnyk, I."]
[Result "0-1"]
[WhiteElo "2392"]
[BlackElo "2639"]
[PlyCount "80"]
[EventDate "2014.08.09"]
[EventType "swiss"]
[EventRounds "9"]
[EventCountry "USA"]
[Source "Mark Crowther"]
[SourceDate "2014.08.11"]

1. d4 Nf6 2. c4 g6 3. Nc3 Bg7 4. e4 d6 5. Nf3 O-O 6. h3 Na6 7. Bg5 Qe8 8. Be2
e5 9. d5 Nc5 10. Nd2 a5 11. g4 Kh8 12. h4 Ng8 13. Be3 f5 14. g5 Na6 15. f3 Bd7
16. Nb3 a4 17. Nc1 Ne7 18. Nd3 c5 19. dxc6 Bxc6 20. Qd2 Qf7 21. Nd5 Nxd5 22.
exd5 Bd7 23. f4 Rfe8 24. h5 Kg8 25. Kf2 b5 26. cxb5 Nc7 27. Nb4 Nxb5 28. Nc6
Nd4 29. Bxd4 exd4 30. Bf3 Re4 31. h6 Bh8 32. Bxe4 fxe4 33. Nxd4 a3 34. b3 Bxd4+
35. Qxd4 Qxf4+ 36. Ke1 Qg3+ 37. Kd1 Qf3+ 38. Kd2 Qg2+ 39. Ke3 Qxg5+ 40. Ke2
Bb5+ 0-1

[Event "3rd Washington Int 2014"]
[Site "Rockville USA"]
[Date "2014.08.09"]
[Round "1"]
[White "Azarov, S."]
[Black "Homa, S."]
[Result "1-0"]
[WhiteElo "2635"]
[BlackElo "2378"]
[PlyCount "105"]
[EventDate "2014.08.09"]
[EventType "swiss"]
[EventRounds "9"]
[EventCountry "USA"]
[Source "Mark Crowther"]
[SourceDate "2014.08.11"]

1. e4 e5 2. Nf3 Nc6 3. Bb5 a6 4. Ba4 Nf6 5. O-O Be7 6. Re1 b5 7. Bb3 d6 8. c3
O-O 9. h3 Nb8 10. d4 Nbd7 11. Nbd2 Bb7 12. Bc2 Re8 13. Nf1 Bf8 14. Ng3 g6 15.
a4 c5 16. d5 c4 17. Bg5 h6 18. Be3 Nc5 19. Qd2 h5 20. Bg5 Be7 21. Ra3 Nfd7 22.
Be3 Bf6 23. Rea1 Qc7 24. Ng5 Bg7 25. Qd1 h4 26. Nf1 Nf6 27. Nh2 bxa4 28. Nhf3
Rab8 29. Nxh4 Bc8 30. R1a2 Bd7 31. Bxc5 Qxc5 32. Qb1 Bh6 33. Nhf3 Rb3 34. Bxb3
cxb3 35. Ra1 Nh5 36. Rxa4 Bxa4 37. Rxa4 Qb5 38. Rb4 Qe2 39. Rxb3 Nf4 40. Qf1 f6
41. Ne6 Qxe4 42. Nxf4 Bxf4 43. Qd1 a5 44. Rb6 Rd8 45. Rb7 Rc8 46. g3 Bh6 47.
Ra7 Rb8 48. b3 Rc8 49. c4 Rc5 50. Nh4 f5 51. Nxg6 Be3 52. Ne7+ Kf8 53. Nxf5 1-0

[Event "3rd Washington Int 2014"]
[Site "Rockville USA"]
[Date "2014.08.09"]
[Round "1.3"]
[White "Gu, Christopher"]
[Black "Zherebukh, Y."]
[Result "0-1"]
[WhiteElo "2362"]
[BlackElo "2625"]
[PlyCount "150"]
[EventDate "2014.08.09"]
[EventType "swiss"]
[EventRounds "9"]
[EventCountry "USA"]
[Source "Mark Crowther"]
[SourceDate "2014.08.11"]

1. Nf3 Nf6 2. c4 e6 3. g3 d5 4. Bg2 a6 5. b3 Be7 6. O-O O-O 7. Bb2 b5 8. d4
bxc4 9. bxc4 Nc6 10. cxd5 exd5 11. Nbd2 Rb8 12. Nb3 Bf5 13. Ne1 a5 14. a4 Ne4
15. Nd3 Rb6 16. Rb1 Qb8 17. Ba1 Bf6 18. e3 Be7 19. f3 Nd6 20. Re1 Bxd3 21. Qxd3
Nc4 22. Nc5 Qa7 23. Rxb6 cxb6 24. Nb3 Qd7 25. Bc3 Nb4 26. Bxb4 Bxb4 27. Ra1 Rc8
28. e4 Na3 29. Qa6 Rb8 30. exd5 Qxa4 31. Qd3 Rc8 32. Rc1 Rxc1+ 33. Nxc1 Qc2 34.
Qxc2 Nxc2 35. Kf2 Nxd4 36. Ke3 Nc2+ 37. Ke4 Kf8 38. Bf1 Ke7 39. Bd3 Na3 40. Ne2
Bc5 41. Nc3 Bg1 42. h3 Kd6 43. g4 Bf2 44. Nb5+ Nxb5 45. Bxb5 g5 46. Bc6 Kc5 47.
Kd3 Bg3 48. Kc3 b5 49. Be8 f6 50. Kd3 a4 51. d6 Bxd6 52. Bd7 Be5 53. Be8 Kb4
54. Kc2 Ka5 55. Kd3 Kb6 56. Bd7 Ka5 57. Be8 b4 58. Kc4 a3 59. Kb3 Kb6 60. Bf7
Kc5 61. Bg8 h6 62. Bf7 Bc3 63. Be6 Kd4 64. Bf5 Ke3 65. Be4 Kf4 66. Bd5 Kg3 67.
Kc2 Kxh3 68. Kd3 Kg3 69. Ke3 f5 70. gxf5 h5 71. Ke2 h4 72. Kf1 Bd4 73. f6 Bxf6
74. Kg1 Bd4+ 75. Kh1 Kf2 0-1

[Event "3rd Washington Int 2014"]
[Site "Rockville USA"]
[Date "2014.08.09"]
[Round "1"]
[White "Holt, C."]
[Black "Brattain, Mika A"]
[Result "1-0"]
[WhiteElo "2574"]
[BlackElo "2352"]
[PlyCount "51"]
[EventDate "2014.08.09"]
[EventType "swiss"]
[EventRounds "9"]
[EventCountry "USA"]
[Source "Mark Crowther"]
[SourceDate "2014.08.11"]

1. d4 Nf6 2. c4 g6 3. Nc3 Bg7 4. e4 d6 5. Nf3 O-O 6. h3 e5 7. d5 a5 8. Bg5 Na6
9. Nd2 Qe8 10. g4 Nd7 11. Rg1 Nb6 12. Be2 Bd7 13. Nf1 h6 14. Be3 Nc5 15. Qd2
Nba4 16. Nxa4 Bxa4 17. Ng3 Kh7 18. h4 Bd7 19. O-O-O b5 20. cxb5 Bxb5 21. h5 g5
22. Bxc5 dxc5 23. Bxb5 Qxb5 24. Nf5 Qc4+ 25. Qc2 Qxa2 26. Rg3 1-0